| 000 | 01235nam a22002895a 4500 | ||
|---|---|---|---|
| 005 | 20090725145332.0 | ||
| 008 | 090326s2009 ii a b 000 0 eng | ||
| 010 | _aENG-94544 | ||
| 020 |
_a9780195698152 _c695.00 |
||
| 020 |
_a0195698150 _c695.00 |
||
| 035 | _aEN-78077 | ||
| 037 | _bDBAD / PUB | ||
| 040 |
_adpl _bEnglish |
||
| 082 | _a364.1523095409034 | ||
| 245 |
_aStranglers and bandits : _ba historical anthology of thuggee / _cedited by Kim A. Wagner |
||
| 246 | _aStranglers & bandits | ||
| 260 |
_aNew Delhi ; _bOxford University Press _c2009 |
||
| 270 |
_aYMCA Library Building, Jai Singh Road, _bNew Delhi _e110001 |
||
| 300 |
_axvi, 318 p. : _bill. ; _c23cm(Hb) |
||
| 500 | _aIncludes bibliographical references | ||
| 650 |
_aThugs (Indic criminal group) _xHistory _y19th century _vSources. |
||
| 650 |
_aThugs (Indic criminal group) _xHistory _y19th century _vChronology. |
||
| 650 |
_aThugs (Indic criminal group) _xHistoriography. |
||
| 700 | _aWagner, Kim A. | ||
| 942 |
_2ddc _cEN _mSTR _h364.1523095409034 |
||
| 999 |
_c28678 _d28678 |
||